000 01366cam a22003977a 4500
001 17346724
003 OSt
005 20150408114154.0
008 120614s2012 gw a b 001 0 eng d
010 _a 2012942028
020 _a9783642311635 (alk. paper)
020 _a3642311636 (alk. paper)
020 _a9783642311642 (ebk.)
035 _a(OCoLC)ocn809643173
040 _aIXA
_beng
_cIXA
_dBTCTA
_dYDXCP
_dBWX
_dOHX
_dDLC
042 _alccopycat
050 0 0 _aQA76.9.D3
_bC488 2012
072 7 _aQ
_2lcco
072 7 _aZ
_2lcco
082 0 0 _a005.745
_223
_bCPD
100 1 _aChristen, Peter.
_940376
245 1 0 _aData matching :
_bconcepts and techniques for record linkage, entity resolution, and duplicate detection /
_cPeter Christen.
260 _aBerlin ;
_aNew York :
_bSpringer,
_cc2012.
300 _axix, 270 p. :
_bill. ;
_c24 cm.
490 1 _aData-centric systems and applications
504 _aIncludes bibliographical references and index.
650 0 _aDatabase management.
650 0 _aInformation retrieval.
_910437
650 0 _aData mining.
650 0 _aStatistical matching.
_940377
830 0 _aData-centric systems and applications.
_940378
906 _a7
_bcbc
_ccopycat
_d2
_eepcn
_f20
_gy-gencatlg
942 _2ddc
_cDVD
999 _c32307
_d266807